| 000 | 00766nam a22002535i 4500 | ||
|---|---|---|---|
| 001 | 177995 | ||
| 003 | ES-MaACL | ||
| 005 | 20240125063156.0 | ||
| 008 | 110512s1970 it |||| | ita d | ||
| 080 | _a616.891 | ||
| 100 | 1 |
_aFreud, Sigmund, _d1856-1939 _952547 |
|
| 245 | 1 | 0 |
_aNevrosi e psicosi / _cSigmund Freud ; introduzione di Flavio Manieri. |
| 250 | _a1ยช ed. | ||
| 260 |
_aRoma : _bNewton Compton, _c1970. |
||
| 300 |
_a412 p. ; _c20 cm. |
||
| 490 | 1 |
_aPaperbacks saggi ; _v26 |
|
| 546 | _aTexto en italiano. | ||
| 650 | 0 | 4 |
_aNeurosis. _915534 |
| 650 | 4 |
_aPsicosis. _9146480 |
|
| 700 | 1 |
_aManieri, Flavio. _9146457 |
|
| 830 | 0 |
_aPaperbacks saggi ; _v26 _9190662 |
|
| 852 |
_aES-MaACL _jE-15063 _xOlim P-1848 |
||
| 999 |
_c177995 _d177995 |
||